00673pab a2200193 454500008004000000100001900040245014500059260000900204300001300213362000800226650002600234700001800260700002200278773004200300908000600342909001000348999001700358952010400375180718b2008 xxu||||| |||| 00| 0 eng d aAvey, James B. aCan positive employees help positive organizational change? Impact of psychological capital and emotions on relevant attitudes and behaviors c2008 ap.48-70. aMar aOrganizational change aLuthans, Fred aWernsing, Tara S. aJournal of Applied Behavioral Science aN a77575 c77575d77575 00104070aIIPAbIIPAd2018-07-19hVolume no: 44, Issue no: 1pAR78035r2018-07-19w2018-07-19yAR